Responses for Show #5370 - Friday, January 4, 2008

Dan Pawson game 7.

Contestants

[<< previous game]

Martin Truong, a printing consultant from Fresno, California

Heather Chapman, a news assistant from Lexington, Kentucky

Dan Pawson, a legislative aide from Boston, Massachusetts (whose 6-day cash winnings total $126,101)

[next game >>]

Jeopardy! Round responses

ANCIENT HISTORY: 2006
KEN BURNS DOCUMENTARIES
NOTHING SPECIFIC
PULP FICTION
THE "PEN"
IS MIGHTIER THAN THE SWORD
    $200 1
(Heather: ...Oh.)
...
(Alex: Hunting accident.)

Dick Cheney

HeatherMartin
    $200 2
(Martin: What is Chicago?)

New Orleans

DanMartin
    $200 17
the box

Dan
    $200 4
Tarzan

Dan
    $200 8
penicillin

Dan
    $200 22
(Heather: What is a bazooka?)

a flamethrower

Heather
Triple Stumper
    $400 3
the Discovery (or the Atlantis)

Heather
    $400 13
(Frank Lloyd) Wright

Martin
    $400 19
Lucy (van Pelt)

Dan
    $400 23
Zorro

Dan
    $400 9
peninsulas

Martin
    $400 24
(Martin: What is a rifle?)

a machine gun

DanMartin
    $600 5
Mao

Dan
    $600 14
archaeology

Dan
    $600 18
changelings

Martin
    $600 27
(Heather: Who is Perry Mason?)

Sam Spade

DanHeather
    $600 10
penance

Martin
    $600 25
napalm

Triple Stumper
    $800 6
Gerald Ford

Dan
    $800 15
the Battle of the Bulge

Dan
    $800 20
(Heather: What is the University of Pennsylvania?)

Penn State

HeatherMartin
    $800 29
(Heather: Detective literature.)
(Alex: No, and remember your phrasing.)

Westerns

Heather
Triple Stumper
    $800 11
pensive

Martin
    $800 26
the MiG

Heather
    $1000 7
(Zinedine) Zidane

Dan
    $1000 16
Jack Johnson

Martin
    $1000 21
my million dollar baby

Triple Stumper
    $2,000 30
(Dan: I'll wager $2,000.)
(Alex: You're very nonchalant. "Ahh, $2,000. Easy come, easy go.")

The Shadow

Dan
    $1000 12
a pentameter

Dan
    $1000 28
(Martin: What is a .357 Magnum?)

a Smith & Wesson .44 Magnum

Martin
Triple Stumper

Scores at the first commercial break (after clue 16):

Dan Heather Martin
$5,400 $200 $3,200

Scores at the end of the Jeopardy! Round:

Dan Heather Martin
$9,400 -$1,400 $3,200

Double Jeopardy! Round responses

GEOMETRY
KEEPING UP WITH THE JONES
TAKE ME TO YOUR LEADER
AM I HUNGRY ENOUGH TO EAT THAT?
THE VATICAN ONLINE
FAMILIAR PHRASES
    $400 22
the hypotenuse

Dan
    $400 1
Tom Jones

Dan
    $400 8
Vietnam

Martin
    $400 15
lamb

Heather
    $400 4
saints

Dan
    $400 9
(in the) black

Martin
    $800 26
(Dan: What is the... area?)

the volume

DanHeather
    $800 2
Indiana Jones

Dan
    $800 11
(Heather: What is Spain?)

Portugal

HeatherMartin
    $800 16
tofu

Martin
    $800 7
(Heather: Catacombs--what are catacombs?)

Archives

DanHeather
    $800 10
The Clothes

Dan
    $2,000 27
(Heather: What is... equilateral?)

an isosceles triangle

Heather
    $1200 3
James Earl Jones

Martin
    $1200 23
Colombia

Dan
    $1200 17
the shank

Triple Stumper
    $1200 20
basilicas

Heather
    $1200 12
Kipling

Martin
    $1600 28
a tangent

Martin
    $1600 5
Tommy Lee Jones

Martin
    $1600 24
the DRC (Democratic Republic of the Congo)

Dan
    $1600 18
a fruitcake

Martin
    $1600 21
(Heather: What is the Library of Congress?)
...
(Alex: You were sort of on the right track, except that the category is about the Vatican, so it is [*], Heather, but you pick again.)

the Vatican Library

Heather
Triple Stumper
    $1600 13
paddle your own canoe

Triple Stumper
    $2000 29
complementary

Martin
    $2000 6
Davy Jones

Martin
    $2000 25
(Martin: Uh, what are the Netherlands?)

Belgium

Martin
Triple Stumper
    $2000 19
(Heather: What is poi?)

poke

Heather
Triple Stumper
    $2000 30
(Martin: What is PayPal?)
...
(Alex: It's another "P"--[*]--not PayPal.)

Peter's Pence

Martin
Triple Stumper
    $2,000 14
down the river

Martin

Scores at the end of the Double Jeopardy! Round:

Dan Heather Martin
$15,000 -$6,200 $14,800

[wagering suggestions for these scores]

Final Jeopardy! Round responses

U.S. PRESIDENTS
(Alex: So it's very likely that they had spent some considerable time in China. Which president are we referring to?)
...
(Alex: No, the correct response is [*]. He was a mining engineer working in China for a few years.)
MartinWho was Wilson?
$14,798
DanWho is George H.W. Bush?
$14,800
Herbert Hoover

Final scores:

Dan Heather Martin
$200 -$6,200 $2
7-day champion: $126,301 3rd place: $1,000 2nd place: $2,000

Game dynamics:

Coryat scores:

Dan Heather Martin
$14,000 -$4,200 $14,800
23 R
(including 1 DD),
1 W
5 R,
10 W
(including 1 DD)
20 R
(including 1 DD),
5 W

Combined Coryat: $24,600

[game clues] [game scores] [suggest correction]

Game tape date: 2007-10-16
The J! Archive is created by fans, for fans. Scraping, republication, monetization, and malicious use prohibited; this site may use cookies and collect identifying information. See terms. The Jeopardy! game show and all elements thereof, including but not limited to copyright and trademark thereto, are the property of Jeopardy Productions, Inc. and are protected under law. This website is not affiliated with, sponsored by, or operated by Jeopardy Productions, Inc. Join the discussion at JBoard.tv.